| 000 | 01616nam a2200373 a 4500 | ||
|---|---|---|---|
| 001 | 000020382 | ||
| 003 | DO-SdBNP | ||
| 005 | 20180309112255.0 | ||
| 007 | 000020382 | ||
| 008 | 150130s2012 dr ac 000 0 spa d | ||
| 020 | _a9789945116304 | ||
| 040 |
_aBPMSU _bspa _cBPMSU |
||
| 092 |
_a372.7 _bS237m , 1ro, 2012 |
||
| 100 | 1 | _aSantos, Altagracia | |
| 245 | 1 | 0 |
_aMatemáticas 1 : _beducación básica / _cAltagracia Santos; Andrés Molina Moloon |
| 260 |
_aSanto Domingo : _bSantillana, _c2012 |
||
| 300 |
_axi, 183 p. : _bil., retrs. ; _c30 cm. + _eCD-ROM |
||
| 490 | 1 | _aInnova | |
| 500 | _aLa biblioteca posee guía recursos didácticos para el profesorado | ||
| 505 | 0 |
_tMis nuevos amigos -- _tCuido las plantas -- _tMi visita al médico -- _tMe gusta el parque -- _tLas frutas son sabrosas -- _tUn día de excursión -- _tEn el supermercado -- _tEn la tienda de jugadores -- _tSer justos -- _tMedida de superficie -- _tNuestras tradiciones -- _tMe gusta la playa -- _tDesayunar temprano _tEn el club deportivo - |
|
| 650 | 4 |
_aMATEMÁTICAS _xENSEÑANZA BÁSICA |
|
| 650 | 4 |
_aMATEMÁTICAS _xENSEÑANZA ELEMENTAL |
|
| 650 | 4 |
_aEDUCACIÓN PRIMARIA _zREPÚBLICA DOMINICANA |
|
| 650 | 4 |
_aMATEMÁTICAS _xLIBROS DE TEXTOS |
|
| 650 | 4 |
_aMATEMÁTICAS _xESTUDIOS Y EJERCICIOS |
|
| 700 | _aMolina Moloon, Andrés | ||
| 830 | 0 | _aInnova | |
| 910 | _aValidado. Control de calidad MFF | ||
| 942 |
_2ddc _cBK |
||
| 945 | _aRemanejado para BNPHU / 2018 BT | ||
| 956 |
_aDGARCIA _b10 _c20150702 _lBND01 _h0937 |
||
| 956 |
_aYLOCKWARD _b10 _c20150703 _lBND01 _h0946 |
||
| 956 |
_aVMATEO _b10 _c20150707 _lBPMSU _h00151 |
||
| 999 |
_c7947 _d7947 |
||